| 000 | 00420nam a2200157Ia 4500 | ||
|---|---|---|---|
| 008 | 240729s9999 xx 000 0 und d | ||
| 022 | _a2813-6780 | ||
| 245 | 0 | _aFrontiers in Amphibian and Reptile Science | |
| 260 | _aSwitzerland | ||
| 260 | _bFrontiers Media S.A. | ||
| 650 | _a Zoology | ||
| 650 | _aScience | ||
| 856 | _uhttps://doaj.org/toc/cd8a09a249e045c2a154997dd6d5d654 | ||
| 942 | _2ddc | ||
| 942 | _cDOAJEJ | ||
| 999 |
_c68096 _d68096 |
||
| 945 |
_a1 _bMadushi Gamage _c1 _dMadushi Gamage |
||